[Event "West Wales Open"]
[Site "Swansea"]
[Date "2019.10.12"]
[Round "3.7"]
[White "Jones, Ian Robert"]
[Black "James, Dai"]
[Result "1-0"]
[WhiteElo "1975"]
[BlackElo "1838"]
[Annotator "kemen"]
[PlyCount "61"]
[EventDate "2019.10.12"]
[EventType "swiss"]
[EventRounds "5"]
[EventCountry "WLS"]

{[%evp 0,11,29,17,36,38,24,15,66,72,64,73,62,62]} 1. e4 e5 2. Nf3 Nc6 3. Nc3 f5
{characterized as 'downright awful for Black' Lakdawala-The Four Knights move
by move 2012:292.A schliemann where Nc3 is more useful for Wh than a B on b5 
(which could be attacked)} 4. d4 {main & supported by Lakdawala} fxe4 5. Nxe5
Nf6 6. Bg5 {main, 64% for Wh} (6. Bc4 $1 {80% for Wh, is given by Lakdawala as
the refutation of 3...f5} d5 7. Nxd5 $1 Nxd5 8. Qh5+ g6 9. Nxg6 hxg6 (9... Nf6
10. Bf7+ Kxf7 {8-0, with the earliest game Ryder-Walcoth 1901,1-0}) 10. Qxg6+
$1 Kd7 11. Bxd5 Nxd4 (11... Qe8 12. Bf7 Qe7 13. Bg5 Ne5 14. Qf5+ {Breyer-von
Balla, Pustyan 1912,1-0}) 12. Bg5 Qe8 13. Bf7 Qe5 14. O-O-O $18 {
Esserman-Zaikov, USA ch tm rapid 2009,1-0} (14. Rd1 {even stronger-Lakdawala}))
6... Be7 $146 (6... Bb4 7. Bc4 {63% for Wh}) 7. Bb5 {transposes, 7-1} (7. Bc4
$18 {Cloud Engines} d5 8. Bxf6 Bxf6 9. Bxd5) 7... O-O (7... Bb4 8. O-O Bxc3 9.
bxc3 O-O 10. Qe2 (10. f3 $18 {Cloud Engines}) 10... Ne7 11. f3 c6 12. Ba4 (12.
Bc4+ d5 13. fxe4 $18 {Cloud Engines}) 12... d5 13. Bb3 $18 {the only game won
wor Bl with this variation; Gossip-Lasker, Impromptu tourn, New York 1893,0-1})
8. O-O $16 (8. Bxf6 $18 {4-0}) 8... h6 $146 (8... Qe8 9. Bc4+ (9. Ba4 d6 10.
Nxc6 bxc6 11. Qe2 Kh8 12. Bxf6 Bxf6 13. Qxe4 Qxe4 14. Nxe4 Bxd4 $16 {
Brnas-Dunatov, CRO ch tm, Mali Losinj 2017,1/2-1/2}) 9... Kh8 10. Qd2 d6 11.
Nxc6 bxc6 $11 {Aldridge-Van der Hoorn, Wellington CC ch 2013,0-1}) 9. Bh4 (9.
Bxf6 Bxf6 10. Bc4+ Kh7 (10... Kh8 11. Ng6+) 11. Qe2 d5 12. Bxd5 Bxe5 13. dxe5
Nxe5 14. Rad1 $18 {Stockfish10}) 9... Qe8 10. Ba4 g5 11. Bg3 $18 d5 12. Qd2 (
12. f3 $18 {Stockfish140919 & Stockfish10}) 12... Bd7 13. Bb3 Be6 14. Rfe1 (14.
f4 $18 {both Engines}) 14... Na5 (14... Rd8 $11 {Stockfish10}) (14... Bd6 {
Stockfish 140919 as equal} 15. Nb5 $14 (15. f3 $14 {Stockfish10})) 15. Nxd5 $18
(15. Bxd5 $18) 15... Nxb3 16. Nxe7+ Qxe7 17. axb3 Kg7 18. h4 gxh4 19. Bxh4 Bf5
20. Qf4 (20. Bg5 $1 $18 {both Engines}) 20... Qe6 21. Bxf6+ (21. f3 $1) 21...
Rxf6 22. Re3 (22. Ra5 {Stockfish10}) 22... Kh7 23. Qh4 a5 24. Nf3 (24. f3 $1 {
Stockfish10}) 24... Rg6 25. Nd2 (25. Ne5) 25... Rag8 26. g3 Rg4 $16 27. Qh1 (
27. Qh5) 27... R8g5 (27... Rd8 28. Rxa5 Rxd4 29. Nf1 Rg5 $14 {Stockfish10}) 28.
Rae1 $18 (28. Rxa5 $18) 28... Qd6 29. Nxe4 Rxe4 30. Rxe4 Rxg3+ 31. fxg3 1-0

[Event "West Wales Open"]
[Site "Swansea"]
[Date "2019.10.12"]
[Round "3.8"]
[White "May, Adam J"]
[Black "Marin Marin, Francisco Javier"]
[Result "1-0"]
[WhiteElo "1924"]
[BlackElo "1767"]
[Annotator "kemen"]
[PlyCount "53"]
[EventDate "2019.10.12"]
[EventType "swiss"]
[EventRounds "5"]
[EventCountry "WLS"]

{[%evp 0,20,25,-9,12,4,8,2,18,4,11,11,8,19,11,4,4,15,15,0,-11,-14,53]} 1. c4 c5
2. g3 g6 3. Bg2 Bg7 4. Nc3 Nc6 5. Nf3 Nf6 6. d4 (6. O-O) 6... cxd4 7. Nxd4 O-O
8. O-O Qb6 (8... Nxd4 {main} 9. Qxd4 d6 10. Qd3) 9. Nc2 d6 10. b3 Ne5 (10...
Be6) (10... Bd7) (10... Qa5 {main lines}) 11. h3 $14 e6 $146 (11... Bd7 {
5 Wh wins, 1 draw}) (11... Be6 {1-0}) 12. e4 (12. Be3) 12... Rd8 13. Qe2 Bd7
14. Be3 $16 (14. Bg5 $16) 14... Qc7 15. Rfd1 (15. f4 {Komodo13} Nh5 (15... Nc6
16. Nb5 Qb8 17. Rad1 Bf8 18. Qf2 Be7 19. g4 $18) 16. fxe5 Nxg3 17. Qf2 Nxf1 18.
Rxf1 Be8 19. exd6 Rxd6 20. Bf4 $18 {Komodo13}) 15... Bc6 16. Rac1 Qe7 17. f4
Ned7 18. Nd4 a6 19. b4 e5 {Bl must try something as a4-b5 threatens to squash
him on the Q side} 20. Nxc6 bxc6 21. Qf2 (21. f5 $18 {Komodo13}) 21... Rab8 22.
a3 Qe6 $6 {inviting the winning push , on the K side this time} (22... exf4 23.
gxf4 Ne8 24. Ba7 Rbc8 25. Bd4 $14 {Komodo13}) 23. f5 $18 Qe7 24. g4 h6 25. Rc2
(25. Qd2 g5 26. Qxd6 $18 {Komodo13}) 25... Nf8 26. Rcd2 h5 $2 27. g5 1-0

[Event "West Wales Open"]
[Site "Swansea"]
[Date "2019.10.12"]
[Round "3.9"]
[White "Chung, Joel"]
[Black "Fathallah, Joe"]
[Result "0-1"]
[WhiteElo "1463"]
[BlackElo "1904"]
[Annotator "kemen"]
[PlyCount "86"]
[EventDate "2019.10.12"]
[EventType "swiss"]
[EventRounds "5"]
[EventCountry "WLS"]

{[%evp 0,15,25,17,67,36,41,14,9,-2,2,4,6,-3,0,15,15,-34]} 1. e4 e6 2. d4 d5 3.
e5 c5 4. c3 Nc6 5. Nf3 Bd7 6. Be3 (6. Be2) (6. a3 {main lines}) (6. Bd3 {
Marin Marin-Van Veelen, West Wales op rd1 2019,0-1}) 6... cxd4 (6... Qb6) 7.
cxd4 Qb6 8. b3 {does create some weaknesses} (8. Qd2) 8... Nge7 {92% for Bl} (
8... Bb4+ {73% for Bl,main}) 9. Bd3 {0-10} (9. Be2 {looks a little better})
9... Nb4 10. Nc3 Nxd3+ (10... Rc8 11. Rc1 Nxd3+ 12. Qxd3 Nf5 13. Bd2 (13. O-O
$11) 13... Be7 14. O-O $11 {Maliotakis-Charleshouse, heraklion op 2009,0-1})
11. Qxd3 Nf5 12. Bd2 (12. O-O Bb4 13. Rac1 O-O 14. Rfd1 Rac8 15. Bd2 Qa5 16. a4
$11 {Aust-Martin,NRW ch tm U20, 1993,0-1}) 12... Be7 (12... Ba3 $15 {Komodo13})
13. O-O (13. g4 Nh4 14. Nxh4 Bxh4 15. O-O $11 {Komodo13}) 13... h5 14. h3 g6
15. Rad1 (15. Rfd1 {the QR may be better on the c file}) 15... a6 16. Bg5 $11
Qd8 17. Bxe7 Qxe7 18. a4 O-O (18... g5 $5) 19. Ne2 b5 20. Nc3 Rab8 21. Rb1 Rfc8
22. Qd2 (22. Rfc1 $11) 22... Kg7 23. axb5 Bxb5 24. Nxb5 Rxb5 25. Qd3 (25. Qf4
g5 26. Nxg5 Nxd4 $15 {Komodo13}) 25... Rcb8 26. Rfd1 Qb7 (26... a5 $17) 27. Rd2
(27. g4 $11 {Komodo13} hxg4 28. hxg4 Nh6 29. Qd2 Rxb3 30. Rxb3 Qxb3 31. Ng5
Nxg4 32. Rc1 Qb6 33. Qf4 Nh6 34. Qf6+ Kg8 35. Qf4 Qd8 36. Kg2 Qf8 37. Rh1 $11 {
Komodo13- Wh has a lot of pressure on the K side for his 2 pawns} Qg7 38. Rh3 (
38. Rxh6 Qxh6 39. Qxf7+ Kh8 40. Qf6+ Qg7 41. Qxe6 a5 42. Qd6 $11) (38. Nxe6
fxe6 39. Rxh6 Rf8 40. Qg5 Rf5 41. Qd8+ Rf8 42. Qg5 Rf5 43. Qd8+ $11 {repetition
}) 38... Rc8 39. Qh2 Ng4 40. Qh1 Nxe5 41. dxe5 Qxe5 42. Rg3 $14) 27... a5 (
27... Rxb3 28. Rxb3 Qxb3 29. Qxa6 Qb1+ 30. Qf1 (30. Kh2 Qc1 $19) 30... Qe4 $15
{Komodo13}) 28. Ra2 Qb6 29. Ra4 (29. g4 $11 {Komodo13}) 29... Rxb3 30. Rxb3
Qxb3 31. Qxb3 Rxb3 32. Rxa5 Rxf3 (32... g5 33. Nxg5 Kg6 34. Nf3 Rb4 $15 {
Komodo13}) (32... Rb7 33. h4 g5 34. hxg5 Rb4 $11 {Komodo13}) (32... Rb4 33. Ra7
Nh6 34. Ng5 Kg8 35. Nf3 $11) 33. gxf3 Nxd4 $11 {but the unbalanced position
gives the higher -rayed player pracvtical chances} 34. Ra3 g5 35. Kg2 Kg6 36.
Rc3 (36. f4 {Komodo13- finds some tactics to evade a bind} gxf4 37. Ra4 Nc6 38.
Kf3 Kg5 39. Rxf4 Nxe5+ 40. Ke3 Nc4+ 41. Kf3 f6 $11) 36... Ne2 37. Re3 (37. Rc7
{Rs need open lines, not sitting guarding weak pawns}) 37... Nf4+ $19 38. Kg3
Kf5 39. h4 $2 {(draw?)} gxh4+ 40. Kxh4 Ng2+ 41. Kxh5 Nxe3 42. fxe3 Kxe5 43. Kg5
f5 0-1

[Event "West Wales Open"]
[Site "Swansea"]
[Date "2019.10.12"]
[Round "3.10"]
[White "Jukes, Sam"]
[Black "Morgans, Justin"]
[Result "1-0"]
[WhiteElo "1897"]
[BlackElo "1657"]
[Annotator "kemen"]
[PlyCount "53"]
[EventDate "2019.10.12"]
[EventType "swiss"]
[EventRounds "5"]
[EventCountry "WLS"]

{[%evp 0,12,28,28,39,28,33,23,82,82,82,74,82,82,100]} 1. e4 e5 2. Nf3 Nf6 3.
Nxe5 Nc6 {the Stafford Gambit} 4. Nxc6 dxc6 5. d3 {main} (5. e5 Ng4 (5... Ne4
6. d3 Bc5 {Lowens- Stafford, USA corr 1950, 0-1 as Wh resigned}) 6. d4 c5 7. c3
cxd4 8. cxd4 Bc5 $5 {played a few days later in the Dyfed League;
Paffard-Piotrowksi 2019,0-1}) 5... Bc5 6. Be2 h6 $146 (6... h5 {main}) (6...
O-O) 7. O-O Be6 8. c3 Bb6 9. Nd2 Qd7 10. a4 a6 11. a5 Ba7 12. Kh1 O-O-O 13. d4
$18 g5 14. f4 gxf4 15. Rxf4 Nh7 16. Qf1 Rdf8 (16... Ng5 $5) 17. Nc4 f6 18. Rf2
(18. Be3) (18. Ne3) 18... Qg7 19. Bf4 Ng5 20. Nd2 h5 21. Ra4 (21. Bxa6 $1 {
Komodo13} bxa6 22. Qxa6+ Kb8 23. Ra4 $18) 21... h4 22. Bxa6 $1 h3 23. Bxb7+ (
23. Rb4 {also}) 23... Kxb7 24. Rb4+ Ka8 (24... Kc8 25. Qa6+ Kd7 26. Qxa7 Rc8
27. Rb7 $18 {Komodo13- the a pawn will advance at some point}) 25. Qa6 hxg2+
26. Rxg2 Rxh2+ 27. Rxh2 1-0

[Event "West Wales Open"]
[Site "Swansea"]
[Date "2019.10.12"]
[Round "3.11"]
[White "Graham, David B"]
[Black "Haigh, Tony"]
[Result "1-0"]
[WhiteElo "2162"]
[BlackElo "1761"]
[Annotator "kemen"]
[PlyCount "31"]
[EventDate "2019.10.12"]
[EventType "swiss"]
[EventRounds "5"]
[EventCountry "WLS"]

{[%evp 0,16,40,15,55,53,46,33,33,-18,-22,-39,1,-36,-36,-36,-39,-20,58]} 1. e4
Nf6 2. e5 Nd5 3. d4 d6 4. Bc4 (4. Nf3) (4. c4 {main lines}) 4... Nb6 5. Bb3
dxe5 6. Qf3 (6. Qh5 e6 7. dxe5 {main}) 6... e6 7. dxe5 Nc6 8. Qg3 g6 (8... Qd4
9. Nf3 Qe4+ 10. Be3 Nd5 (10... Qg6 {4.5-0.5}) 11. Bxd5 {2-0}) 9. Nf3 (9. Bg5
Qd4 10. c3 Qe4+ 11. Ne2 Bg7 12. f4 Nd5 13. Nd2 Qe3 14. Bxd5 Qxg3+ 15. hxg3 exd5
16. Nf3 Bg4 17. O-O-O Be6 18. Ned4 {Savitskij-Barski,Eskisehir EU fest 2004,1-0
}) (9. c3 Bg7 10. Bg5 Qd7 11. Nf3 O-O 12. O-O Qe8 13. Nbd2 Nd7 14. Rfe1 b6 15.
Qf4 Bb7 16. Bh6 Na5 17. Bc2 Bxf3 18. Nxf3 Rc8 19. b4 Nb7 20. Bb3 {Ignat-Sopon,
ROM ch U14, Baile Felix 2017,1-0}) (9. Nc3 $16 {Cloud Engines}) 9... Bg7 10.
Bg5 (10. Nc3 {Komodo13} h6 11. Be3 Nd7 12. O-O-O Qe7 13. Ba4 $16 (13. Rhe1 $16)
(13. Ne4 $16)) 10... Ne7 11. Nc3 h6 12. Rd1 Bd7 $11 13. Bf6 (13. Bc1 Nf5 14.
Qh3 c5 15. g4 Nd4 16. Be3 Bc6 $14 {Komodo13}) 13... Bxf6 (13... Nf5 14. Bxg7 $1
Nxg3 (14... Nxg7 15. Ne4 $16) 15. hxg3 Rg8 16. Bf6 Qc8 17. Rxh6 $18 {the Bl K
& Q are stuck in the middle}) 14. exf6 Ng8 (14... Nf5 15. Qe5 O-O 16. Ne4 $16 (
16. h4 $16 {Komodo13})) 15. Bxe6 $18 (15. Ne4 $18 Nxf6 16. Qe5) (15. Nb5 Kf8
16. Nxc7 $18) 15... fxe6 (15... Qxf6 16. Bxd7+ Nxd7 17. Qxc7 Qc6 18. Qf4 $18 {
Komodo13}) (15... Nxf6 16. Ne5 $18 {Komodo13}) 16. Qxg6+ (16. Qxg6+ Kf8 17.
Qg7+ Ke8 18. f7+ Ke7 19. fxg8=Q# (19. f8=Q#)) 1-0

[Event "West Wales Open"]
[Site "Swansea"]
[Date "2019.10.12"]
[Round "3.12"]
[White "Turner, Joseph David"]
[Black "Phillips, William"]
[Result "1/2-1/2"]
[WhiteElo "1842"]
[BlackElo "1893"]
[Annotator "kemen"]
[PlyCount "38"]
[EventDate "2019.10.12"]
[EventType "swiss"]
[EventRounds "5"]
[EventCountry "WLS"]

{[%evp 0,10,40,15,13,12,-5,-12,-6,-6,-27,-51,39]} 1. e4 e5 2. f4 exf4 3. Bc4
Nf6 4. Nc3 c6 (4... d5 5. Bxd5 Nxd5 6. Nxd5 Bd6 7. d3 Qh4+ 8. Kf1 c6 9. Nf3 Qh6
10. Nc3 Bg4 11. d4 O-O $17 {Turner-Phillips, West Wales op 2018,1-0}) 5. Qe2 (
5. Bb3) (5. d4 {main lines}) 5... d6 (5... d5 {main} 6. exd5+ Be7 7. d4 O-O (
7... cxd5)) (5... Bb4 6. Nf3 O-O 7. O-O d5 8. exd5 cxd5 9. Bb5 Nc6 10. a3 Re8
11. Qd3 Bc5+ 12. Kh1 g6 {Turner-D Howell, S Wales Winter op 2004,0-1}) 6. d4
Bg4 (6... Be7 {1 win each, 1 draw}) 7. Nf3 Nh5 8. Bd2 (8. O-O Qf6 9. e5 dxe5
10. Ne4 Qd8 11. Bxf7+ $18 {Belkodja-Plane,Plancoet op 2001,1-0}) (8. Nd1 g5 (
8... Be7 9. O-O O-O $11 {Komodo13}) (8... g6 9. Nf2 Bd7 10. O-O Bg7 $11 {
Stockfish10}) 9. O-O $11 {Komodo10 in jun 2018} (9. Nf2 $18 {Stockfish10})) (8.
g3 fxg3 9. hxg3 $11 {Stockfish10} Nxg3 10. Bxf7+ Kxf7 11. Qf2 Nf5 12. Nh4 h5
13. Nxf5 Qf6 14. Bg5 Qxg5 15. Nh6+ Ke8 16. Nf7 Qf6 17. Qxf6 gxf6 18. Nxh8 Na6
$14 {Stockfish10}) 8... Be7 (8... g6 9. O-O-O Bg7 10. Rhe1 O-O $15 {Komodo13 &
Stockfish10}) 9. O-O-O b5 10. Bb3 (10. Bd3) 10... O-O (10... a5 {continuing
the Q side advance} 11. a4 b4 12. Nb1 O-O $17 {Stockfish10}) 11. d5 (11. Rdg1
a5 (11... Nd7) 12. a4 bxa4 13. Nxa4 Nd7 14. g3 fxg3 15. hxg3 Rb8 $15 {
Stockfish10}) 11... b4 $19 12. Na4 c5 13. e5 Nd7 (13... dxe5 14. Qxe5 Bd6 15.
Qg5 (15. Qe2 Qa5 $19 (15... Nf6 $19) (15... Nd7 $19)) 15... Qxg5 16. Nxg5 Bxd1
17. Ne4 Bxc2 18. Kxc2 Rd8 $19 {Stockfish10}) 14. exd6 (14. e6 fxe6 15. dxe6
Ndf6 16. Rhe1 Rc8 17. c4 Re8 18. Bc2 Bf8 $19 {Stockfish10}) 14... Bxd6 15. Qf2
Rc8 16. c4 Re8 (16... Bf5 17. Bc2 Bxc2 18. Kxc2 Nhf6 19. Qh4 Qa5 20. b3 Nb6 21.
Nb2 Nfxd5 $19 {Stockfish10} 22. cxd5 c4 23. Kb1 c3 $19) 17. Rde1 Qf6 18. Rxe8+
Rxe8 19. Re1 Rxe1+ {(draw agreed-both players very short of time by now)} (
19... Rxe1+ 20. Qxe1 g5 $19 {Stockfish10 & Komodo13- Bl's K side pawn can be
mobilized to roll forward, while Wh's d5 is securely blockaded}) 1/2-1/2

[Event "West Wales Open"]
[Site "Swansea"]
[Date "2019.10.12"]
[Round "3.13"]
[White "Guy, David"]
[Black "Denham-Kennedy, Colin"]
[Result "1/2-1/2"]
[WhiteElo "1891"]
[BlackElo "1656"]
[Annotator "kemen"]
[PlyCount "55"]
[EventDate "2019.10.12"]
[EventType "swiss"]
[EventRounds "5"]
[EventCountry "WLS"]

{[%evp 0,22,25,15,38,44,35,28,37,56,49,51,42,52,52,52,35,43,43,17,17,17,53,22,
30]} 1. e4 e6 2. d4 d5 3. Nc3 dxe4 4. Nxe4 Nd7 5. Nf3 Ngf6 6. Bd3 (6. Nxf6+
Nxf6 7. Bd3 {main}) 6... Nxe4 7. Bxe4 Nf6 8. Bd3 {transposes back} c5 9. c3 (9.
dxc5) (9. O-O) 9... cxd4 10. Nxd4 Bc5 11. Nb3 Be7 12. O-O Bd7 (12... O-O) 13.
Bg5 (13. Qc2 O-O 14. Bg5 h6 15. Bh4 Rc8 16. Rad1 Qc7 17. Bg3 Qb6 18. Qe2 Rfe8
19. Rd2 Bc6 20. Nd4 a6 21. Nxc6 Qxc6 22. Rfd1 Red8 $16 {Erhan-De Blecourt, Wld
ch girls U14, Duisburg 1992,1-0}) (13. Bf4 $14) 13... Qc7 14. Qe2 (14. Nd4 {
Stockfish10 & Komodo13}) 14... h6 15. Bxf6 Bxf6 16. Bb5 Bc6 17. Rfd1 O-O 18.
Bxc6 Qxc6 $11 19. Rd3 Rfd8 20. Rad1 Rxd3 21. Rxd3 Rd8 22. Rxd8+ Bxd8 23. Qd3
Bb6 24. g3 Qa4 25. Nc1 Qc6 26. Nb3 Qa4 27. Nc1 Qc6 (27... e5 $15) 28. Nb3 {
(draw?)} 1/2-1/2

[Event "West Wales Open"]
[Site "Swansea"]
[Date "2019.10.12"]
[Round "3.14"]
[White "Whitehead, Mark A"]
[Black "Hare, Roy T"]
[Result "1/2-1/2"]
[WhiteElo "1847"]
[BlackElo "1672"]
[Annotator "kemen"]
[PlyCount "47"]
[EventDate "2019.10.12"]
[EventType "swiss"]
[EventRounds "5"]
[EventCountry "WLS"]

1. e4 c5 2. Nc3 e6 3. g3 Nc6 4. Bg2 d6 5. d3 Be7 (5... Nf6) (5... g6) 6. f4 a6
7. Nf3 Nd4 $146 (7... Nf6) (7... Qc7) 8. Be3 Nxf3+ 9. Bxf3 $14 (9. Qxf3 $16)
9... Rb8 10. O-O b6 11. Bf2 (11. d4 $16 {Komodo13- opening up the position
seems called for as Bl is behind in development}) 11... Bb7 12. Qe2 Nf6 13. g4
h6 $11 (13... Nd7 $11) 14. Rae1 Nd7 15. Bg3 Bh4 16. Qg2 Bxg3 17. Qxg3 b5 18. a3
Qb6 19. Qf2 O-O 20. Nd1 e5 21. f5 c4 22. dxc4 bxc4 23. Qxb6 Nxb6 24. Nc3 $11
1/2-1/2

[Event "West Wales Open"]
[Site "Swansea"]
[Date "2019.10.12"]
[Round "3.15"]
[White "Bevan, Peter M"]
[Black "Thomas, Roy"]
[Result "1/2-1/2"]
[WhiteElo "1889"]
[BlackElo "1696"]
[Annotator "kemen"]
[PlyCount "80"]
[EventDate "2019.10.12"]
[EventType "swiss"]
[EventRounds "5"]
[EventCountry "WLS"]

{[%evp 0,10,27,-23,0,-23,32,33,45,33,45,24,42]} 1. c4 e6 2. g3 f5 3. Bg2 Nf6 4.
Nc3 Nc6 5. d3 (5. e3 {main}) 5... Be7 (5... Bb4) 6. e4 {main} (6. e3) 6... fxe4
7. Nxe4 $146 (7. dxe4 {Cloud Engines; 1.5-2.5}) 7... O-O (7... d5 $15 {Fritz13
& Komodo13}) 8. Ne2 (8. Nxf6+ Bxf6 9. Ne2 $11) 8... d5 (8... Nxe4 9. dxe4 $15
Bc5 {Komodo13} (9... Bb4+ {Fritz13 & Deep Fritz13})) 9. Nxf6+ Bxf6 10. cxd5
exd5 11. Qb3 (11. O-O $11) 11... Ne7 {Fritz13} (11... Re8 $15 {Komodo13} 12.
Qxd5+ (12. Bxd5+ Kh8 $17) 12... Be6 13. Qxd8 Raxd8 14. O-O Bf7 15. Be3 Nb4 16.
Bxb7 Nc2 17. Rad1 Nxe3 18. fxe3 Rxe3 19. Kf2 Rexd3 20. Rxd3 Rxd3 21. Rc1 Rd2
22. Ke3 Rxb2 23. Rxc7 g6 $15) 12. O-O c6 $11 13. Be3 Re8 (13... Nf5 14. Bc5 Re8
$15 {Komodo13}) 14. Bd4 Nf5 15. Bxf6 Qxf6 16. Rae1 Nd6 (16... Rxe2 17. Rxe2 Nd4
18. Re8+ (18. Qd1 Bg4 19. f3 Nxe2+ 20. Qxe2 Bd7 $15) 18... Kf7 19. Rxc8 Nxb3
20. Rxa8 Nd2 21. Rd1 Qxb2 22. Rxa7 $11 {Fritz13 & Komodo13}) 17. Nc3 (17. Nf4
$11) 17... Bf5 (17... Rxe1 18. Rxe1 Bf5 $15 {Komodo13} 19. Ne4 Qe6 $19) 18. Ne4
Qg6 19. Nxd6 Qxd6 20. Be4 (20. Rxe8+ Rxe8 21. Qxb7 Rb8 22. Qxa7 Rxb2 23. Qe3
$14 {Komodo13} Rxa2 24. Qe8+ Qf8 25. Qxc6 $18) 20... Bh3 21. Bg2 Bxg2 (21...
Bf5) 22. Kxg2 b6 $11 23. d4 Qf6 24. Qc3 Kf7 (24... Qg6) 25. Re3 Kg8 26. Rfe1
$14 Qg6 27. Re5 Rxe5 28. Rxe5 Re8 29. Qe3 Rxe5 30. Qxe5 (30. dxe5 Kf7 $11)
30... Qe4+ 31. f3 (31. Qxe4 dxe4 32. f3 exf3+ 33. Kxf3 Kf7 $11 {Komodo13-
maybe Bl has a slight possibility because of the isolated d pawn}) 31... Qxe5
32. dxe5 d4 (32... Kf7) 33. f4 d3 34. Kf3 c5 35. Ke3 c4 36. b3 b5 37. bxc4 bxc4
38. f5 Kf7 39. g4 g5 40. Kd2 Ke7 {neither side can do anything} 1/2-1/2

[Event "West Wales Open"]
[Site "Swansea"]
[Date "2019.10.13"]
[Round "4.1"]
[White "Kosuzek, Daniel"]
[Black "Toczek, Grzegorz"]
[Result "1-0"]
[WhiteElo "2338"]
[BlackElo "2259"]
[Annotator "kemen"]
[PlyCount "79"]
[EventDate "2019.10.12"]
[EventType "swiss"]
[EventRounds "5"]
[EventCountry "WLS"]

{[%evp 0,24,19,31,14,-14,43,8,9,21,13,7,11,11,33,37,67,48,43,38,51,67,71,73,
101,90,102]} 1. d4 Nf6 2. c4 g6 3. g3 Bg7 4. Bg2 d6 5. Nc3 O-O 6. Nf3 c6 7. O-O
Qa5 8. e4 Bg4 (8... e5) 9. h3 Bxf3 10. Bxf3 Nfd7 11. Be3 {Huzman- The strong
centre and the pair of bishops give advantage to the white} a6 12. Rb1 (12. a3
{main}) 12... b5 $146 {Stohl, in commentary to game in next note, gives this
idea as Bl's only possibility of counterplay} (12... c5 {main, 4 Wh wins, 2
draws,1 Bl win}) 13. b4 Qd8 14. a4 (14. Be2 {Cloud Engines} bxc4 15. Bxc4 Nb6
16. Be2 N8d7 17. Qb3 a5 18. a3 axb4 19. axb4 e6 20. Rfc1 Qe7 21. d5 {Huzman
likes this & gives it an exclamation mark.The Engines, Stockfish10 & Komodo13
are less impressed and reduce Wh's advantage from definite plus to slight plus.
} exd5 (21... Rfc8 $14 {both Engines}) 22. exd5 c5 23. bxc5 dxc5 {
Hansen-Mortensen, DEN ch, Taastrup 1998,1-0} 24. Nb5 $16) 14... bxc4 15. Qe2 e5
16. d5 cxd5 17. Nxd5 $16 Nc6 18. Qxc4 Nd4 19. Bg2 (19. Kg2 {Deep Fritz13 &
Komodo13}) 19... Nb6 (19... Nf6 {Komodo13}) 20. Nxb6 Qxb6 21. Rfc1 $18 Ra7 22.
Bf1 Bf6 23. Qd5 {Komodo13} (23. Bxd4 exd4 24. Qc6 {Deep Fritz13}) 23... Rfa8
24. Bd3 (24. b5 axb5 25. axb5 $18 {Komodo13}) (24. a5 Qd8 25. Bxd4 exd4 26. Rc6
$18 {Komodo13}) 24... Kg7 25. Kg2 Qb7 26. Qxb7 Rxb7 27. Bxd4 exd4 28. e5 {
Komodo13} (28. a5 Rab8 29. Bxa6 {Deep Fritz13} Rxb4 30. Rxb4 Rxb4 31. Bf1 Ra4
32. a6 Ra3 33. Rc6 d3 34. Rxd6 Be7 35. Rd7 Rxa6 36. Rxe7 Rd6 37. e5 d2 38. Be2
d1=Q 39. Bxd1 Rxd1 40. e6 Re1 41. Rxf7+ Kg8 42. Re7 $18 {Komodo13- seems to
take longer than the text}) 28... dxe5 29. Be4 (29. Bxa6 Rba7 30. Bb5 $14 {
Komodo13}) 29... Rab8 30. Bxb7 Rxb7 31. Rc6 a5 32. b5 Be7 33. b6 Bb4 34. Kf3
Re7 35. Ke4 Kh6 36. Rc4 f5+ 37. Kd3 Rd7 38. Rcxb4 e4+ 39. Kd2 axb4 40. Rxb4 1-0

[Event "West Wales Open"]
[Site "Swansea"]
[Date "2019.10.13"]
[Round "4.2"]
[White "Brown, Geoffrey M"]
[Black "Thompson, Ian D"]
[Result "1/2-1/2"]
[WhiteElo "1861"]
[BlackElo "2120"]
[Annotator "kemen"]
[PlyCount "96"]
[EventDate "2019.10.12"]
[EventType "swiss"]
[EventRounds "5"]
[EventCountry "WLS"]

{[%evp 217,217,29974]} 1. f4 d5 2. Nf3 Bg4 3. e3 Nd7 4. h3 Bxf3 5. Qxf3 c6 (
5... Ngf6 6. g4 e5 7. g5 e4 8. Qg2 {Van Kemenade-D. Johnston, Dyfed League
2008,1-0 (featured in Gary Lane- Opening Lanes at Chess Cafe)}) 6. d4 Ngf6 7.
Bd3 e6 8. Nd2 Bd6 9. O-O O-O 10. c3 {Fritz12 & Deep Fritz13} (10. e4 dxe4 11.
Nxe4 Nxe4 12. Qxe4 Nf6 13. Qf3 Be7 14. c3 h6 15. f5 {Weller-Behar,Sydney op
2010,1-0}) (10. g4 {Komodo13}) 10... c5 11. g4 Qb6 12. g5 Ne8 13. h4 (13. Qg2
g6 14. Nf3 {Komodo13}) 13... f5 $11 14. Kg2 Be7 15. Rh1 Nd6 16. Qh5 Qc7 17. Nf1
(17. Nf3 $2 g6 18. Qh6 Nf7 $19) 17... b5 $15 18. Bd2 a5 19. Qe2 Rfb8 20. Ng3 b4
21. Rhc1 Qb6 (21... c4 22. Bc2 Rb7 $15 {Deep Fritz123 & Komodo13}) 22. c4 dxc4
23. Bxc4 Nxc4 24. Rxc4 Qc6+ 25. Qf3 Qxf3+ 26. Kxf3 Nb6 27. Rc2 cxd4 (27... c4
$15 {sets up an outside passed pawn, & secures d5 for a N keeping the Wh QB bad
}) 28. exd4 (28. Rc6 $1 dxe3 29. Bxe3 Nd5 30. Bd4 $11 {Komodo13}) 28... Rc8 29.
Rac1 $11 Kf7 30. Rxc8 (30. Rc6 Rxc6 31. Rxc6 Nd5 32. Nf1 $11 {Komodo13}) 30...
Rxc8 31. Rxc8 Nxc8 32. d5 Nb6 (32... Nd6 $15) (32... g6 $15) 33. dxe6+ Kxe6 34.
Be3 Nd5 35. Bd4 $11 g6 36. h5 Bd6 37. hxg6 hxg6 38. Ne2 a4 39. b3 a3 40. Bg7
Bc5 41. Nc1 Be3 42. Nd3 Bd2 43. Bf8 {(draw?)} Bc3 44. Nc5+ Kf7 45. Bd6 Bd2 46.
Nd3 Bc3 47. Bc5 Ke6 48. Bf8 Kf7 {(draw?)} 1/2-1/2